Islamic geometric patterns, with over 290 illustrations

Uloženo v:
Podrobná bibliografie
Hlavní autor: Broug, Eric (Autor)
Médium: Kniha
Jazyk:angličtina
Vydáno: Londres Thames and Hudson 2008
Témata:
Tagy: Přidat tag
Žádné tagy, Buďte první, kdo vytvoří štítek k tomuto záznamu!

MARC

LEADER 00000cam a2200000 a 4500
001 UCF2957
003 CL-VaPUC
008 120914e20080000UK |||||||||||||||||eng|d
020 |a 9780500287217 
082 0 4 |a 745.44917671  |b BRO  |2 21 
100 0 |a Broug, Eric  |e author  |9 564832 
245 1 0 |a Islamic geometric patterns, with over 290 illustrations 
300 |a 119 p 
942 |c BK 
945 |d 20120914 00:00:00  |a cmena 
260 |a Londres  |b Thames and Hudson  |c 2008 
500 |a Incluye CD 
650 0 |a Arte islámico (musulmán)  |9 314239 
650 0 |a Diseño artístico  |9 330956 
650 0 |a Figuras geométricas   |9 347994 
583 |a last modification  |c 20120914 00:13:00  |k Rodrigo Vera 
999 |c 349495  |d 349493 
952 |0 0  |1 0  |4 0  |6 745_449176710000000_BRO_2008  |7 0  |8 A  |9 452121  |a BIBGIM  |b BIBGIM  |d 2019-11-22  |i 4910028  |o 745.44917671 BRO 2008  |p 4910028  |r 2025-01-15  |w 2019-11-22  |y BK  |k ARA